[Event "Cheliabinsk Kurnosov Memorial Rapid"]
[Site "Cheliabinsk"]
[Date "2023.09.09"]
[Round "8"]
[White "Voskanyan, Argisht"]
[Black "Pingin, Artem"]
[Result "1-0"]
[WhiteElo "2092"]
[BlackElo "2409"]
[PlyCount "63"]
[EventDate "2023.09.08"]
[EventType "swiss (rapid)"]
[EventRounds "11"]
[EventCountry "RUS"]
[SourceTitle "EXT 2024"]
[Source "ChessBase"]
[SourceDate "2023.10.10"]
[SourceVersion "1"]
[SourceVersionDate "2023.10.10"]
[SourceQuality "1"]

1. Nf3 d5 2. g3 Nf6 3. Bg2 c5 4. 0-0 e6 5. c4 d4 6. e3 Nc6 7. d3 h6 8. exd4 cxd4 9. Bf4 Nd7 10. Na3 Bxa3 11. bxa3 0-0 12. Re1 Re8 13. Bd6 Nf6 14. c5 Qa5 15. Qc1 Qa6 16. Qc4 Qxc4 17. dxc4 Bd7 18. Rab1 b6 19. cxb6 axb6 20. Rxb6 Ra4 21. Bf1 Rc8 22. Rd1 Ne4 23. Nxd4 Nxd6 24. Nxc6 Bxc6 25. Rxd6 Be4 26. Ra6 Rxa6 27. Rxa6 Bb1 28. Ra5 Bxa2 29. c5 Rb8 30. Rb5 Ra8 31. c6 Bd5 32. c7 1-0

[Event "Ekaterinburg Rapid op"]
[Site "Ekaterinburg"]
[Date "2023.08.11"]
[Round "3"]
[White "Khismatullin, Denis Rimovich"]
[Black "Voskanyan, Argisht"]
[Result "1-0"]
[WhiteElo "2579"]
[BlackElo "2092"]
[PlyCount "101"]
[EventDate "2023.08.11"]
[EventType "swiss (rapid)"]
[EventRounds "11"]
[EventCountry "RUS"]
[SourceTitle "CBM 215 Extra"]
[Source "ChessBase"]
[SourceDate "2023.09.30"]
[SourceVersion "1"]
[SourceVersionDate "2023.09.30"]
[SourceQuality "1"]

1. d4 f5 2. Nc3 Nf6 3. Bg5 d5 4. e3 e6 5. Nf3 a6 6. h3 h6 7. Bf4 c5 8. Ne5 Bd6 9. dxc5 Bxc5 10. Ng6 Rg8 11. Be2 d4 12. Na4 Ba7 13. exd4 Qxd4 14. Qxd4 Bxd4 15. Rd1 Ba7 16. Bf3 Nc6 17. Bxc6+ bxc6 18. 0-0 Bd7 19. c4 Ne4 20. Rd3 c5 21. Nc3 Bc6 22. Rfd1 Nxc3 23. Rxc3 Rd8 24. Re1 Bd7 25. Rb3 Bc8 26. h4 Kf7 27. h5 Rd4 28. Be3 Rd6 29. Bf4 Rd4 30. Rg3 Ke8 31. b3 Bb6 32. Re2 Bd7 33. Be5 Rd1+ 34. Kh2 Bc8 35. Nf4 Kf7 36. Rg6 Bd8 37. Rg3 Bg5 38. Nd3 Be7 39. Bc3 Bb7 40. Ne5+ Ke8 41. Ng6 Bc8 42. Nxe7 Kxe7 43. Rxg7+ Rxg7 44. Bxg7 Rd8 45. Bxh6 Rh8 46. Bg5+ Kf7 47. h6 Kg6 48. Bf4 Rh7 49. f3 Kf6 50. Be5+ Kf7 51. Bg7 1-0

[Event "Zudov Memorial"]
[Site "Nizhnij Tagil"]
[Date "2023.07.29"]
[Round "5"]
[White "Matveev, Vladimir1111"]
[Black "Voskanyan, Argisht"]
[Result "1-0"]
[WhiteElo "2308"]
[BlackElo "1900"]
[PlyCount "137"]
[EventDate "2023.07.29"]
[EventType "swiss (rapid)"]
[EventRounds "11"]
[EventCountry "RUS"]
[SourceTitle "CBM 215 Extra"]
[Source "ChessBase"]
[SourceDate "2023.09.30"]
[SourceVersion "1"]
[SourceVersionDate "2023.09.30"]
[SourceQuality "1"]

1. d4 f5 2. Bf4 Nf6 3. e3 g6 4. Nc3 Bg7 5. h4 h6 6. Bc4 e6 7. Nf3 d6 8. Qe2 0-0 9. 0-0-0 Qe8 10. Bb3 Qf7 11. Bg3 Nc6 12. e4 fxe4 13. Nxe4 Na5 14. Nxf6+ Qxf6 15. Ba4 a6 16. c3 b5 17. Bc2 Bb7 18. Qd3 Qf5 19. Qe3 Qf6 20. b3 Rae8 21. Nh2 h5 22. Nf3 Nc6 23. Ng5 b4 24. Ne4 Qf7 25. c4 d5 26. Nc5 Bc8 27. Qg5 Ne7 28. Be5 Bxe5 29. Qxe5 Qxf2 30. Rdf1 Qxf1+ 31. Rxf1 Rxf1+ 32. Kb2 Rf2 33. Qg3 Ref8 34. Nd3 Re2 35. Nxb4 Rff2 36. Qxc7 Kf7 37. Kc3 a5 38. Qxa5 Rxg2 39. Qc7 Kf6 40. Qd8 Kf7 41. Qc7 Kf6 42. a4 g5 43. hxg5+ Rxg5 44. Bd3 Rf2 45. Qd8 Rg8 46. Qd6 Rg5 47. cxd5 h4 48. Nc6 Nxd5+ 49. Kc4 Ba6+ 50. Kc5 Nb4+ 51. Ne5 Nxd3+ 52. Kb6 Nxe5 53. dxe5+ Kf7 54. Qd7+ Kg6 55. Kxa6 h3 56. Qxe6+ Kg7 57. Qxh3 Rff5 58. b4 Rxe5 59. b5 Rg6+ 60. b6 Ree6 61. a5 Kf7 62. Qf5+ Ke7 63. Ka7 Rgf6 64. Qc5+ Kf7 65. a6 Rc6 66. Qxc6 Rxc6 67. b7 Rc7 68. Ka8 Rc6 69. a7 1-0

[Event "Zudov Memorial"]
[Site "Nizhnij Tagil"]
[Date "2023.07.29"]
[Round "4"]
[White "Voskanyan, Argisht"]
[Black "Zharkov, Nikolay"]
[Result "1-0"]
[WhiteElo "1900"]
[BlackElo "2246"]
[PlyCount "285"]
[EventDate "2023.07.29"]
[EventType "swiss (rapid)"]
[EventRounds "11"]
[EventCountry "RUS"]
[SourceTitle "CBM 215 Extra"]
[Source "ChessBase"]
[SourceDate "2023.09.30"]
[SourceVersion "1"]
[SourceVersionDate "2023.09.30"]
[SourceQuality "1"]

1. d4 g6 2. e4 Bg7 3. Nf3 d6 4. c3 Nf6 5. Bd3 0-0 6. 0-0 Nbd7 7. Re1 e5 8. Nbd2 Qe7 9. a4 Rd8 10. a5 a6 11. Nc4 h6 12. Qc2 exd4 13. cxd4 Nf8 14. b3 Bg4 15. Ncd2 Ne6 16. Bb2 Bxf3 17. Nxf3 d5 18. Ba3 Qe8 19. e5 Nd7 20. Rac1 Rac8 21. b4 c6 22. h4 h5 23. Rb1 Bh6 24. Bc1 Bxc1 25. Qxc1 Kg7 26. Qe3 Qe7 27. g3 Rf8 28. Nd2 Rce8 29. f4 f5 30. Nb3 Ra8 31. Rec1 Rfb8 32. Nc5 Ndf8 33. Na4 Qe8 34. Be2 Ra7 35. Qc3 Qd8 36. Qd2 Nd7 37. Rb2 Kf7 38. Kf2 Qc7 39. Rbc2 Qd8 40. Nc5 Ndf8 41. Na4 Qe7 42. Ke3 Rd8 43. Qc3 Raa8 44. Nb6 Rab8 45. Qd2 Kg7 46. Kf2 Re8 47. Bf3 Rbd8 48. Na4 Kh8 49. Nc5 Nh7 50. Rh1 Rg8 51. Qe3 Rde8 52. Qd2 Nd8 53. Qe3 Nf8 54. Qe2 Qf7 55. Qe3 Re7 56. Nd3 Qe8 57. Be2 Nf7 58. Qd2 Nh6 59. Ne1 Ne6 60. Nf3 Qb8 61. Ng5 Qa7 62. Rd1 Rd8 63. Kg2 Nf7 64. Nf3 Rc7 65. Rdc1 Rdc8 66. Qd3 Kg7 67. Bf1 Nfd8 68. Be2 Rb8 69. Ra2 Rbc8 70. Rac2 Qb8 71. Qc3 Qa8 72. Qd3 Rb8 73. Ra2 Qa7 74. Rc3 Ra8 75. Rca3 Rcc8 76. Qd2 Qb8 77. Ne1 Qc7 78. Qc3 Rcb8 79. Nc2 Qe7 80. Qd2 Nf7 81. Qc3 Nh6 82. Qd2 Rh8 83. Ra1 Ng4 84. Rh1 Nh6 85. Rha1 Rhb8 86. Qc3 Ng4 87. Qd2 Kf7 88. Bf1 Rh8 89. Be2 Qc7 90. Qc3 Qd8 91. Qd2 Qe7 92. R3a2 Rhb8 93. Ra3 Kg7 94. R3a2 Qd7 95. Qc3 Qc8 96. Ra3 Nh6 97. Qd2 Nf7 98. Rc3 Nfd8 99. Qd1 Qd7 100. Rca3 Qe7 101. Qd2 Nc7 102. Qc3 Nde6 103. R1a2 Qd7 104. Qd2 Rc8 105. Rc3 Nb5 106. Bxb5 cxb5 107. Raa3 Rc4 108. Rd3 Rac8 109. Ne3 Qc6 110. Nxc4 bxc4 111. Rdc3 Nc7 112. Rc1 Kf7 113. Kf2 Ke6 114. Ke2 Nb5 115. Raa1 c3 116. Qd3 Qc4 117. Ke3 Qxb4 118. Rcb1 Qc4 119. Qxc4 Rxc4 120. Rd1 c2 121. Rdc1 Nxd4 122. Ra2 Kd7 123. Kd3 Kc6 124. Rb2 Ra4 125. Rcxc2+ Nxc2 126. Rxc2+ Kd7 127. Rc5 Ke6 128. Rc7 Rxa5 129. Rxb7 Rb5 130. Ra7 Rb6 131. Kd4 Rb4+ 132. Kd3 Ra4 133. Rb7 Ra3+ 134. Kd4 Rxg3 135. Rb6+ Kf7 136. Rxa6 Rg1 137. Ra7+ Ke8 138. Kxd5 Rb1 139. e6 Re1 140. Kd6 Kf8 141. Ra8+ Kg7 142. e7 Kf7 143. Rf8+ 1-0